Catálogo público

Mamíferos : cómo reconocerlos y determinarlos / (Record no. 170416)

MARC details
000 -CABECERA
campo de control de longitud fija 01135nam a2200349Ia 4500
001 - NÚMERO DE CONTROL
campo de control Z_7145
003 - IDENTIFICADOR DEL NÚMERO DE CONTROL
campo de control CHAP
008 - DATOS DE LONGITUD FIJA--INFORMACIÓN GENERAL
campo de control de longitud fija 220113s2003 xx 000 0 und d
010 ## - NÚMERO DE CONTROL DE LA BIBLIOTECA DEL CONGRESO
Número de control de LC 170416
020 ## - NÚMERO INTERNACIONAL ESTÁNDAR DEL LIBRO
Número Internacional Estándar del Libro 84-8076-476-7
040 ## - FUENTE DE LA CATALOGACIÓN
Centro/agencia transcriptor CHAP
082 ## - NÚMERO DE LA CLASIFICACIÓN DECIMAL DEWEY
Número de clasificación 599.094 R53
100 ## - ENTRADA PRINCIPAL--NOMBRE DE PERSONA
Nombre de persona Richarz, Klaus
9 (RLIN) 146892
245 ## - MENCIÓN DE TÍTULO
Título Mamíferos : cómo reconocerlos y determinarlos /
Mención de responsabilidad, etc. Klaus Richarz y Gunter Steinbach ; ilustraciones Fritz Wendler y Steffen Walentowitz ; traducción Margarita Gutiérrez Manuel
260 ## - PUBLICACIÓN, DISTRIBUCIÓN, ETC.
Lugar de publicación, distribución, etc. Barcelona, España :
Nombre del editor, distribuidor, etc. Blume,
Fecha de publicación, distribución, etc. 2003
300 ## - DESCRIPCIÓN FÍSICA
Extensión 191 p.
440 ## - MENCIÓN DE SERIE/PUNTO DE ACCESO ADICIONAL--TÍTULO
Título Guías de campo Blume
9 (RLIN) 146893
500 ## - NOTA GENERAL
Nota general Traducción del título original: Säugetiere
503 ## - NOTA DE HISTORIA BIBLIOGRÁFICA (BK CF MU) [OBSOLETO]
Nota de historia bibliográfica ej.1: consumo \ ej.2: consumo
650 ## - PUNTO DE ACCESO ADICIONAL DE MATERIA--TÉRMINO DE MATERIA
Término de materia o nombre geográfico como elemento de entrada Mamíferos
Subdivisión general Europa
9 (RLIN) 146894
650 ## - PUNTO DE ACCESO ADICIONAL DE MATERIA--TÉRMINO DE MATERIA
Término de materia o nombre geográfico como elemento de entrada Mamíferos
Subdivisión general Identificación
9 (RLIN) 70248
700 ## - PUNTO DE ACCESO ADICIONAL--NOMBRE DE PERSONA
Nombre de persona Gutiérrez Manuel, Margarita, tr.
9 (RLIN) 146895
700 ## - PUNTO DE ACCESO ADICIONAL--NOMBRE DE PERSONA
Nombre de persona Walentowitz, Steffen, il.
9 (RLIN) 146896
700 ## - PUNTO DE ACCESO ADICIONAL--NOMBRE DE PERSONA
Nombre de persona Wendler, Fritz, il.
9 (RLIN) 146897
700 ## - PUNTO DE ACCESO ADICIONAL--NOMBRE DE PERSONA
Nombre de persona Steinbach, Guanter, coaut.
9 (RLIN) 146898
901 ## - ELEMENTOS DE DATOS A LOCAL LDA (RLIN)
a 599.094 R53
902 ## - ELEMENTOS DE DATOS B LOCAL, LDB (RLIN)
a M
910 ## - DATOS DE OPCIÓN DEL USUARIO (OCLC)
Datos de opción del usuario 2003
942 ## - ELEMENTOS DE PUNTO DE ACCESO ADICIONAL (KOHA)
Tipo de ítem Koha Libro_
942 ## - ELEMENTOS DE PUNTO DE ACCESO ADICIONAL (KOHA)
Tipo de ítem Koha
Holdings
Estado de retiro Estado de pérdida Fuente del sistema de clasificación o colocación Estado dañado No para préstamo Código de colección Localización permanente Ubicación/localización actual Ubicación en estantería Fecha de adquisición Código de barras Fecha visto por última vez Número de copia Precio válido a partir de Tipo de ítem Koha
    Dewey Decimal Classification     General Zootecnia Zootecnia   11/12/2019 z_7341 18/01/2022 1 18/01/2022 Libro
    Dewey Decimal Classification     General Zootecnia Zootecnia   11/12/2019 z_7342 18/01/2022 2 18/01/2022 Libro